Normal view
MARC view
Entry Corporate Name
001 - CONTROL NUMBER
- control field: 16832
003 - CONTROL NUMBER IDENTIFIER
- control field: OSt
005 - DATE AND TIME OF LATEST TRANSACTION
- control field: 20231031092441.0
008 - FIXED-LENGTH DATA ELEMENTS
- fixed length control field: 231031|| aca||aabn | a|a d
040 ## - CATALOGING SOURCE
- Original cataloging agency: OSt
- Transcribing agency: OSt
110 ## - HEADING--CORPORATE NAME
- Corporate name or jurisdiction name as entry element: London School of Economics and Political Science.
- Subordinate unit: Greater London Group
670 ## - SOURCE DATA FOUND
- Source citation: Work cat.: (OSt)8238: Ruck, S. K. 16830, London government and the welfare services., 2007
